000 00812nam a2200301Ia 4500
001 Z_2972
003 CHAP
008 220113s1994 xx 000 0 und d
010 _a166058
040 _cCHAP
082 _a636.5085 B6
100 _aBoushy, A. R. Y.
_9140109
245 _aPoultry feed from waste : processing and use /
_cby A. R. Y. Boushy and A. F. B. Van der Poel
260 _aLondon :
_bChapman and Hall,
_c1994
300 _a438 p.
440 _a
500 _aFotocopía
503 _a175460
650 _aAves de corral
_xAlimentación
_98638
650 _aForrajes I. Poel, A. F. B. Vander II. t.
_9140110
650 _aSubproductos en alimentación animal
_9140111
901 _a636.5085 B6
902 _aA
910 _a1994
942 _c1
942 _cc1
999 _c166058
_d166058